| 000 | 00623nam a2200181 4500 | ||
|---|---|---|---|
| 001 | 108295 | ||
| 003 | ES-MaACL | ||
| 005 | 20230906184622.0 | ||
| 007 | t| | ||
| 008 | 061121s1913 fr r ||||1| fre d | ||
| 245 | 0 | 0 | _aMollusques de la france et des régions voisines. |
| 260 |
_aParís : _bDoin, _c1913. |
||
| 300 |
_a2v. : _bil. ; _c19 cm. |
||
| 505 | 8 | _aContiene: Tomo 1º- Amphineures, gaastéropodes opisthobranches par A. Vayssière. Tomo 2º- Gastéropodes pulmonés et prosobranches par Louis Germain. | |
| 700 | 1 |
_aGermain, Louis. _956469 |
|
| 700 | 1 |
_aVayssière, A. _9113340 |
|
| 852 |
_aES-MaACL _jD-3794-95 |
||
| 999 |
_c108295 _d108295 |
||